Dynamo Kyiv Biggest Transfers - Statistics

General Stats
  • This quiz has been taken 19 times
  • The average score is 58 of 118
Answer Stats
% Correct
Outgoings Ukraine ST Andriy Shevchenko 99/00 Milan
100%
Outgoings Ukraine RW Andriy Yarmolenko 17/18 Borussia Dortmund
100%
Outgoings Ukraine LB Vitaliy Mykolenko 21/22 Everton
100%
Incomings Austria CB Aleksandar Dragovic 13/14 Basel
92%
Outgoings Austria CB Aleksandar Dragovic 16/17 Bayer Leverkusen
92%
Outgoings Ukraine CB Ilya Zabarnyi 22/23 Bournemouth
92%
Outgoings Georgia CB Kakhaber Kaladze 00/01 Milan
92%
Incomings Finland AM Roman Eremenko 09/10 Udinese
85%
Outgoings Finland AM Roman Eremenko 11/12 Rubin Kazan
85%
Outgoings Ukraine SS Sergiy Rebrov 00/01 Tottenham Hotspur
85%
Incomings Morocco AM Younes Belhanda 13/14 Montpellier
85%
Outgoings Morocco AM Younes Belhanda 17/18 Galatasaray
85%
Incomings DR Congo ST Dieumerci Mbokani 13/14 Anderlecht
77%
Incomings Netherlands RW Jeremain Lens 13/14 PSV
77%
Outgoings Netherlands RW Jeremain Lens 15/16 Sunderland
77%
Incomings Portugal DM Miguel Veloso 12/13 Genoa
77%
Incomings Croatia AM Niko Kranjcar 12/13 Tottenham Hotspur
77%
Outgoings Ukraine RW Viktor Tsygankov 22/23 Girona
77%
Incomings Switzerland SS Admir Mehmedi 11/12 Zurich
69%
Outgoings Switzerland SS Admir Mehmedi 14/15 Freiburg
69%
Incomings Ukraine AM Oleksandr Aliev 10/11 Lokomotiv Moscow
69%
Outgoings Ukraine AM Oleksandr Aliev 09/10 Lokomotiv Moscow
69%
Incomings Portugal LB Vitorino Antunes 14/15 Malaga
69%
Outgoings Portugal LB Vitorino Antunes 18/19 Getafe
69%
Incomings Nigeria ST Brown Ideye 11/12 Sochaux
62%
Outgoings Nigeria ST Brown Ideye 14/15 West Bromwich Albion
62%
Incomings Paraguay SS Derlis Gonzalez 15/16 Basel
62%
Outgoings Paraguay SS Derlis Gonzalez 19/20 Olimpia
62%
Incomings Croatia CB Domagoj Vida 12/13 Dinamo Zagreb
62%
Incomings Luxembourg LW Gerson Rodrigues 19/20 Jubilo Iwata
62%
Outgoings Luxembourg LW Gerson Rodrigues 21/22 Troyes
62%
Incomings Poland ST Lukasz Teodorczyk 14/15 Lech Poznan
62%
Outgoings Poland ST Lukasz Teodorczyk 17/18 Anderlecht
62%
Outgoings Poland ST Lukasz Teodorczyk 16/17 Anderlecht
62%
Outgoings Ukraine RB Oleg Luzhny 99/00 Arsenal
62%
Incomings Hungary CB Tamas Kadar 16/17 Lech Poznan
62%
Outgoings Hungary CB Tamas Kadar 19/20 Shandong Luneng
62%
Incomings Poland RB Tomasz Kedziora 17/18 Lech Poznan
62%
Incomings Slovenia LW Benjamin Verbic 17/18 Kobenhavn
54%
Incomings France LB Benoit Tremoulinas 13/14 Bordeaux
54%
Outgoings France LB Benoit Tremoulinas 14/15 Sevilla
54%
Outgoings France LB Benoit Tremoulinas 13/14 Saint-Etienne
54%
Incomings Brazil RB Danilo Silva 09/10 Internacional
54%
Incomings Spain ST Fran Sol 18/19 Willem II
54%
Incomings Guinea ST Ismael Bangoura 07/08 Le Mans
54%
Outgoings Guinea ST Ismael Bangoura 09/10 Rennes
54%
Incomings Brazil SS Raffael 12/13 Hertha Berlin
54%
Outgoings Brazil SS Raffael 13/14 Borussia Monchengladbach
54%
Outgoings Brazil SS Raffael 12/13 Schalke
54%
Incomings Brazil CM Tche Tche 18/19 Palmeiras
54%
Outgoings Brazil CM Tche Tche 18/19 Sao Paulo
54%
Incomings Georgia ST Giorgi Demetradze 99/00 Spartak Vladikavkaz
46%
Outgoings Georgia ST Giorgi Demetradze 00/01 Real Sociedad
46%
Incomings Croatia LB Josip Pivaric 17/18 Dinamo Zagreb
46%
Outgoings Ukraine ST Junior Moraes 16/17 Tianjin Quanjian
46%
Incomings Netherlands CM Justin Lonwijk 22/23 Viborg
46%
Incomings Ukraine GK Maksym Koval 10/11 Metalurg Zaporizhya
46%
Incomings Denmark AM Mikkel Duelund 18/19 Midtjylland
46%
Incomings Croatia DM Ognjen Vukojevic 08/09 Dinamo Zagreb
46%
Outgoings Croatia DM Ognjen Vukojevic 12/13 Spartak Moscow
46%
Incomings Ukraine RB Oleksandr Karavaev 19/20 Zorya Luhansk
46%
Outgoings Ukraine AM Oleksandr Zavarov 88/89 Juventus
46%
Incomings Senegal CB Pape Diakhate 07/08 Nancy
46%
Outgoings Senegal CB Pape Diakhate 11/12 Granada
46%
Outgoings Ukraine ST Roman Yaremchuk 17/18 Gent
46%
Incomings Ukraine CM Ruslan Rotan 05/06 Dnipro Dnipropetrovsk
46%
Outgoings Ukraine CM Ruslan Rotan 07/08 Dnipro Dnipropetrovsk
46%
Incomings Ukraine ST Vladyslav Supryaga 18/19 Dnipro-1
46%
Incomings Brazil CB Betao 08/09 Santos
38%
Incomings Brazil AM Diogo Rincon 02/03 Internacional
38%
Incomings Argentina AM Facundo Bertoglio 10/11 Colon
38%
Incomings Bulgaria RM Georgi Peev 00/01 Lokomotiv Sofia
38%
Incomings Serbia CB Goran Gavrancic 00/01 Cukaricki
38%
Incomings North Macedonia LB Goran Popov 10/11 Heerenveen
38%
Incomings Croatia CB Goran Sablic 02/03 Hajduk Split
38%
Incomings Jamaica RW Kaheem Parris 22/23 Koper
38%
Incomings Brazil CB Leandro Almeida 09/10 Atletico Mineiro
38%
Outgoings Brazil CB Leandro Almeida 12/13 Coritiba
38%
Incomings Argentina ST Marco Ruben 12/13 Villarreal
38%
Outgoings Argentina ST Marco Ruben 15/16 Rosario Central
38%
Incomings Latvia ST Maris Verpakovskis 03/04 Skonto
38%
Outgoings Ukraine CM Oleksiy Mykhaylychenko 90/91 Sampdoria
38%
Outgoings Ukraine ST Roman Zozulya 11/12 Dnipro Dnipropetrovsk
38%
Incomings Brazil LB Sidcley 18/19 Athletico Paranaense
38%
Incomings Ukraine ST Viktor Leonenko 92/93 Dynamo Moscow
38%
Incomings Brazil LW Vitinho 21/22 Athletico Paranaense
38%
Incomings Ukraine LM Vladyslav Kabaev 22/23 Zorya Luhansk
38%
Incomings Ukraine LB Yevgen Selin 12/13 Vorskla Poltava
38%
Incomings Ukraine CM Andriy Bogdanov 12/13 Arsenal Kyiv
31%
Incomings Brazil LW Dudu 11/12 Cruzeiro
31%
Outgoings Brazil LW Dudu 14/15 Palmeiras
31%
Incomings Venezuela ST Eric Ramirez 21/22 Dunajska Streda
31%
Incomings Brazil AM Guilherme 08/09 Cruzeiro
31%
Outgoings Brazil AM Guilherme 10/11 Atletico Mineiro
31%
Incomings Croatia DM Jerko Leko 03/04 Dinamo Zagreb
31%
Incomings Brazil ST Kleber 03/04 Sao Paulo
31%
Incomings Nigeria CM Lukman Haruna 11/12 Monaco
31%
Incomings Brazil CB Rodolfo 04/05 Fluminense
31%
Outgoings Brazil CB Rodolfo 06/07 Lokomotiv Moscow
31%
Incomings Brazil CB Rodrigo 04/05 Sao Paulo
31%
Outgoings Brazil ST Andre Felipe 12/13 Atletico Mineiro
23%
Outgoings Brazil ST Andre Felipe 11/12 Atletico Mineiro
23%
Outgoings Peru CB Carlos Zambrano 19/20 Boca Juniors
23%
Incomings Brazil LM Michael 07/08 Palmeiras
23%
Outgoings Ukraine ST Oleg Protasov 90/91 Olympiacos
23%
Outgoings Serbia DM Radosav Petrovic 16/17 Sporting CP
23%
Incomings Argentina ST Roberto Nanni 03/04 Velez Sarsfield
23%
Outgoings Ukraine AM Yuriy Kalitvintsev 98/99 Trabzonspor
23%
Incomings Brazil ST Anre Felipe 10/11 Santos
15%
Incomings Brazil DM Correa 06/07 Palmeiras
15%
Outgoings Ukraine LW Denys Oliynyk 08/09 Metalist Kharkiv
15%
Incomings Brazil AM Gerson Magrao 09/10 Cruzeiro
15%
Incomings Brazil ST Leandro Machado 01/02 Flamengo
15%
Incomings Colombia LW Andres Escobar 11/12 Deportivo Cali
8%
Incomings Russia RB Andrey Eshchenko 05/06 Khimki
8%
Incomings Belarus ST Sergey Kornilenko 03/04 Dinamo Minsk
8%
Outgoings Ukraine CB Vitaliy Fedoriv 08/09 Amkar Perm
8%
Outgoings Ukraine ST Volodymyr Lysenko 09/10 Metalist Kharkiv
8%
No matching quizzes found
Score Distribution
Percent of People with Each Score
Percentile by Number Answered
Your Score History
You have not taken this quiz